Educación y equidad. Aportes a la discusión a partir de los resultados de investigación.

Guardado en:
Detalles Bibliográficos
Autor principal: Mella, Orlando (autor)
Formato: Libro
Idioma:Español
Temas:
Acceso en línea:Ver documento en línea
Etiquetas: Agrega una etiqueta
Sin etiquetas, Sé el primero en etiquetar este registro!

MARC

LEADER 00000nam^a2200000^u^4500
001 000514968
005 20260512000000.0
008 101004s1000^^^^^^^^^^^^r^^^^^000^0^spa^d
009 20260512123532.94
035 |a FCE 000059183 
037 |a Acervo ITESO - Biblioteca 
041 |a spa 
095 |a 246 
100 |a Mella, Orlando  |e (autor) 
245 1 0 |a Educación y equidad.  |b Aportes a la discusión a partir de los resultados de investigación. 
264 |a Santiago de Chile:  |b CIDE,  |c 2001. 
300 |a 16 p. 
336 |a texto  |b txt  |2 rdacontenido 
337 |a sin mediación  |b n  |2 rdamedio 
338 |a volumen  |b nc  |2 rdasoporte 
596 |a Archivo en formato PDF. 
596 |a Forma de Acceso: Internet vía la World Wide Web. 
596 |a Requerimientos del sistema. Internet connectivity, World Wide Web browser. 
649 |a XX 
650 |a Igualdad de oportunidades 
650 |a Educación secundaria 
650 |a Chile 
740 |g no. 10, Septiembre 2002.  |t Revista Digital UMBRAL 2000. 
856 4 0 |u https://biblioteca.uahurtado.cl/ujah/reduc/pdf/pdf/9086.pdf  |y Ver documento en línea 
910 |a Fondo Centro de Estudios Educativos 
920 |a Impresos - Libros 
930 |a Fondos Especiales 
905 |a 133 
902 |a https://opac.biblio.iteso.mx/vufind/Record/000514968